header

Paws off, Cheddarface! / (Record no. 263272)

MARC details
000 -LEADER
fixed length control field 00552nam a22001817a 4500
003 - CONTROL NUMBER IDENTIFIER
control field OSt
005 - DATE AND TIME OF LATEST TRANSACTION
control field 20240307153849.0
008 - FIXED-LENGTH DATA ELEMENTS--GENERAL INFORMATION
fixed length control field 240307b xxu||||| |||| 00| 0 eng d
010 ## - LIBRARY OF CONGRESS CONTROL NUMBER
LC control number 2004275806
020 ## - INTERNATIONAL STANDARD BOOK NUMBER
International Standard Book Number 9780439559683
International Standard Book Number 0439559685
040 ## - CATALOGING SOURCE
Transcribing agency RU
050 ## - LIBRARY OF CONGRESS CALL NUMBER
Classification number PZ7
Item number .P2876 2004
245 ## - TITLE STATEMENT
Title Paws off, Cheddarface! /
Statement of responsibility, etc Geronimo Stilton ; [illustrations by Mark Nithael and Kat Steven].
260 ## - PUBLICATION, DISTRIBUTION, ETC. (IMPRINT)
Place of publication, distribution, etc New York :
Name of publisher, distributor, etc Scholastic Inc.,
Date of publication, distribution, etc 2004
300 ## - PHYSICAL DESCRIPTION
Extent 113 p. :
Other physical details ill. (chiefly col.), col. maps ;
Dimensions 20 cm.
942 ## - ADDED ENTRY ELEMENTS (KOHA)
Source of classification or shelving scheme Library of Congress Classification
Koha item type Long Loan Books
Holdings
Withdrawn status Lost status Source of classification or shelving scheme Damaged status Not for loan Collection code Home library Current library Shelving location Date acquired Total Checkouts Full call number Barcode Date last seen Price effective from Koha item type
    Library of Congress Classification     Fiction Rongo University Library Rongo University Library Children's Area 07/03/2024   PZ7 .P2876 2004 CL20233268 07/03/2024 07/03/2024 Long Loan Books

© 2026 Rongo University
Contact us: librarian | system librarian | Rongo university